| 000 | 004180000a22001690004500 | ||
|---|---|---|---|
| 041 | 0 | _aSPA | |
| 082 | 0 | 4 | _aG 265.8 M4789n |
| 100 | 1 | _aMcMillen, S. I. | |
| 245 | 1 | 0 | _aNinguna enfermedad / S. I. McMillen |
| 260 | _aMedellín, Colombia : Unión | ||
| 300 | _a209 Pag | ||
| 001 | 7151 | ||
| 942 | _cBK | ||
| 999 |
_c37376 _d37376 |
||
| 336 |
_atexto _btxt _2rdacontent |
||
| 337 |
_2rdamedia _asin mediación _bn |
||
| 338 |
_2rdacarrier _avolumen _bnc |
||